000 nam a22 7a 4500
999 _c8919
_d8919
008 180120b ||||| |||| 00| 0 eng d
100 _aParti N. M
_95233
245 _aTogether with Mathematics
260 _aNew Delhi
_bPrachi Publication
_c2009